=LDR 00000nam 2200000 4500 =001 NUTBA000000000004371 =005 20140911143721.0 =006 =007 =008 =035 ##$$a 0010-091400000000404 =040 ##$$a NBPDMAT =082 ##$$a 540.7 =084 ##$$a 540.7 Sri k =100 ##$$a Sri Wulandari =245 ##$$a Kimia Untuk SMA/MA kelas XI semester 2 / $c Sri Wulandari; editor, Setyo Gunawan =260 ##$$a Karang Anyar : $b Pratama Mitra Aksara, $c (s.a) =300 ##$$a 80 hlm. : $b ilus. ; $c 26 cm. =500 ##$$a Bibliografi : hlm. 80 =650 ##$$a Kimia SMA-Studi dan pengajaran =990 ##$$a 21411037